000 01358nam a22002657a 4500
999 _c17035
_d17035
005 20260226101605.0
008 s2541 th tha d
020 _a9742824371
040 _aNALT
041 _atha
100 0 _aภูมิ โชคเหมาะ
_959534
245 1 0 _aย่อสาระสำคัญกฎหมายเกี่ยวกับสถาบันทางการคลังของรัฐ
246 _aPublic Financial Institution law
260 3 _aกรุงเทพฯ :
_bวิญญูชน,
_c2541
300 _a220 หน้า :
_b แผนภูมิ ;
_c 21 ซม.
650 0 4 _aการคลัง -- กฎหมายและระเบียบข้อบังคับ
650 0 4 _aการคลัง -- ไทย -- กฎหมายและระเบียบข้อบังคับ
650 0 4 _aงบประมาณ -- กฎหมายและระเบียบข้อบังคับ
650 0 4 _aงบประมาณ -- ไทย -- กฎหมายและระเบียบข้อบังคับ
850 _aNALT
856 4 0 _uhttps://hdl.handle.net/20.500.14156/465479
_71
942 _cLB
_2lcc
_02
998 _j111
_k นางสาวพจพิณ พรมเอี่ยม
090 _aKH16 ภ664ย 2541